书目信息 |
| 题名: |
杰克·迈纳尔与飞鸟
|
|
| 作者: | 迈纳尔 著 ;倪庆饩 译 | |
| 分册: | ||
| 出版信息: | 北京 中国大百科全书出版社 2019.06 |
|
| 页数: | 271页 | |
| 开本: | 20cm | |
| 丛书名: | ||
| 单 册: | ||
| 中图分类: | Q959.7-49 | |
| 科图分类: | ||
| 主题词: | 鸟类--niao lei--普及读物 | |
| 电子资源: | ||
| ISBN: | 978-7-5202-0513-9 | |
| 000 | 01052nam0 2200253 450 | |
| 001 | 0106081808 | |
| 005 | 20201106082044.0 | |
| 010 | @a978-7-5202-0513-9@b精装@dCNY59.00 | |
| 100 | @a20190921d2019 em y0chiy50 ea | |
| 101 | 1 | @achi@ceng |
| 102 | @aCN@b110000 | |
| 105 | @ay z 000yy | |
| 106 | @ar | |
| 200 | 1 | @a杰克·迈纳尔与飞鸟@Ajie ke·mai na er yu fei niao@dJace Miner & the birds@f(加)杰克·迈纳尔(Jack Miner)著@g倪庆饩译@zeng |
| 210 | @a北京@c中国大百科全书出版社@d2019.06 | |
| 215 | @a271页@d20cm | |
| 330 | @a本书是加拿大博物学家、鸟类学家杰克·迈纳尔的自然工作手记,集纳了一些关于鸟类的科普文章。作者在本书中记述了他建立金斯维尔鸟类保护区的过程,包括一些技术的细节,如建立燕舍,捕捉杀害小鸟的猛禽与黄鼬,饲养环颈雉、山齿鹑等等。 | |
| 510 | 1 | @aJace Miner & the birds@zeng |
| 606 | 0 | @a鸟类@Aniao lei@j普及读物 |
| 690 | @aQ959.7-49@v5 | |
| 701 | 0 | @c(加)@a迈纳尔@Amai na er@c(Miner, Jack@f1865-1944)@4著 |
| 702 | 0 | @a倪庆饩@Ani qing xi@f(1928-2018)@4译 |
| 801 | 0 | @aCN@bBJSZM@c20201106 |
| 905 | @b1191632-5@dQ959.7-49@e278@f4 | |
| 杰克·迈纳尔与飞鸟=Jace Miner & the birds/(加)杰克·迈纳尔(Jack Miner)著/倪庆饩译.-北京:中国大百科全书出版社,2019.06 |
| 271页;20cm |
| ISBN 978-7-5202-0513-9(精装):CNY59.00 |
| 本书是加拿大博物学家、鸟类学家杰克·迈纳尔的自然工作手记,集纳了一些关于鸟类的科普文章。作者在本书中记述了他建立金斯维尔鸟类保护区的过程,包括一些技术的细节,如建立燕舍,捕捉杀害小鸟的猛禽与黄鼬,饲养环颈雉、山齿鹑等等。 |
| ● |
| 相关链接 |
|
|
|
|
正题名:杰克·迈纳尔与飞鸟
索取号:Q959.7-49/278
 
预约/预借
| 序号 | 登录号 | 条形码 | 馆藏地/架位号 | 状态 | 备注 |
| 1 | 1191632 | 211916328 | 第二样本阅览室/ [索取号:Q959.7-49/278] | 在馆 | |
| 2 | 1191633 | 211916337 | 第三借阅区/ [索取号:Q959.7-49/278] | 在馆 | |
| 3 | 1191634 | 211916346 | 第三借阅区/ [索取号:Q959.7-49/278] | 在馆 | |
| 4 | 1191635 | 211916355 | 第三借阅区/ [索取号:Q959.7-49/278] | 在馆 |